=LDR 00000nam 2200000 4500 =001 000737 =005 20250711041052 =035 ##$$a 0010-0725000605 =007 ta =008 250711################a##########0#ind## =020 ##$$a 978-623-472-572-8 =082 ##$$a 398.209 598 =084 ##$$a 398.209 598 SAN a =100 #$$a Sanjay sanjiv =245 1#$$a Ayo senyum /$c Sanjiv jaiswal 'sanjay' =250 ##$$a Cetakan pertama =260 ##$$a Rawamangun :$b Badan pengembangan dan pusat bahasa,$c 2022 =300 ##$$a 20 hlm. : $b Ilus. ; $c 22,9 cm. =650 #4$$a Cerita anak indonesia-terjemahan =650 #4$$a Literasi-bahan bacaan =990 ##$$a TBM05130513